000 00701nam a2200229 i 4500
001 171541
003 ES-MaACL
005 20250704063124.0
007 t|
008 090519s1960 sp ||||1| spa d
017 _aB 10791-1960
080 _a82-311.2"19"
100 1 _aMarshall, Bruce
_977127
245 1 3 _aEl mundo, la carne y el padre Smith /
_cpor Bruce Marshall.
260 _aBarcelona :
_bLuis de Caralt,
_c1960.
300 _a176 p. ;
_c18 cm.
490 1 _aLibros "Plaza" ;
_v241
594 _aTraducción de: The world, the flesh and father Smith.
830 0 _aLibros "Plaza" ;
_v241
_9181449
852 4 _aES-MaACL
_jE-12649
_9R.138191
999 _c171541
_d171541